Countries with the least tourists - Statistics

General Stats
  • This quiz has been taken 17 times
  • The average score is 6 of 10
Answer Stats
Hint Answer % Correct
10.2k Kiribati
87%
4.3k Tuvalu
87%
45k Comoros
73%
18k Micronesia
73%
71k Chad
67%
52k Guinea-Bissau
60%
35k São Tomé and Príncipe
60%
58.6k Sierra Leone
47%
6.1k Marsall Islands
0%
29k Soloman Islands
0%
No matching quizzes found
Score Distribution
Percent of People with Each Score
Percentile by Number Answered
Your Score History
You have not taken this quiz